Capitals of Countries Bordering the Caspian Sea - Statistics

General Stats
  • This quiz has been taken 17 times
    6 since last reset
  • The average score is 5 of 5
Answer Stats
Answer % Correct
Baku, Azerbaijan
100%
Moscow, Russia
100%
Tehran, Iran
100%
Astana, Kazakhstan
83%
Ashgabat, Turkmenistan
67%
No matching quizzes found
Score Distribution
Percent of People with Each Score
Percentile by Number Answered
Your Score History
You have not taken this quiz since the last reset